100 Biggest U.S. Cities of the Sun Belt in 1900 - Statistics

General Stats
  • This quiz has been taken 249 times
  • The average score is 60 of 100
Answers on the Map
Answers color-coded by a green-red scale on the quiz's map according to % correct below.
 
Answer Stats
Population State or
Territory
City % Correct
42,638 Texas Dallas
99%
44,633 Texas Houston
98%
287,104 Louisiana New Orleans
98%
89,872 Georgia Atlanta
97%
14,511 Tennessee Jackson
97%
7,816 Mississippi Jackson
97%
102,479 California Los Angeles
97%
53,321 Texas San Antonio
97%
22,258 Texas Austin
96%
15,906 Texas El Paso
96%
17,700 California San Diego
96%
15,839 Florida Tampa
96%
28,429 Florida Jacksonville
95%
102,320 Tennessee Memphis
95%
80,865 Tennessee Nashville
95%
10,037 Oklahoma Oklahoma City
95%
11,269 Louisiana Baton Rouge
94%
26,688 Texas Fort Worth
94%
54,244 Georgia Savannah
94%
55,807 South Carolina Charleston
93%
38,307 Arkansas Little Rock
93%
38,469 Alabama Mobile
93%
6,238 New Mexico Albuquerque
92%
38,415 Alabama Birmingham
92%
18,091 North Carolina Charlotte
90%
7,531 Arizona Tucson
90%
17,114 Florida Key West
89%
30,346 Alabama Montgomery
89%
13,643 North Carolina Raleigh
89%
5,603 New Mexico Santa Fe
88%
37,789 Texas Galveston
85%
32,637 Tennessee Knoxville
85%
21,108 South Carolina Columbia
83%
6,052 Tennessee Columbia
83%
30,154 Tennessee Chattanooga
81%
16,013 Louisiana Shreveport
81%
39,441 Georgia Augusta
80%
23,272 Georgia Macon
80%
8,068 Alabama Huntsville
78%
17,747 Florida Pensacola
77%
13,429 Texas Laredo
76%
6,679 North Carolina Durham
75%
10,035 North Carolina Greensboro
74%
6,305 Texas Brownsville
73%
10,008 North Carolina Winston
71%
10,245 Georgia Athens
70%
20,686 Texas Waco
70%
14,694 North Carolina Asheville
68%
17,614 Georgia Columbus
68%
6,484 Mississippi Columbus
68%
7,973 California Riverside
67%
20,976 North Carolina Wilmington
67%
11,860 South Carolina Greenville
66%
7,642 Mississippi Greenville
66%
6,860 Texas Greenville
66%
6,150 California San Bernardino
66%
6,587 California Santa Barbara
65%
9,427 Texas Beaumont
58%
14,834 Mississippi Vicksburg
55%
11,587 Arkansas Fort Smith
53%
6,680 Louisiana Lake Charles
51%
8,069 Texas Tyler
50%
9,117 California Pasadena
49%
12,210 Mississippi Natchez
47%
5,613 Georgia Valdosta
44%
11,395 South Carolina Spartanburg
43%
7,291 Georgia Rome
42%
5,648 Louisiana Alexandria
40%
11,496 Arkansas Pine Bluff
38%
8,713 Alabama Selma
37%
14,050 Mississippi Meridian
36%
6,478 Alabama Florence
35%
9,973 Arkansas Hot Springs
35%
9,090 North Carolina New Bern
35%
9,081 Georgia Brunswick
31%
7,910 North Carolina Concord
29%
7,065 Texas Temple
28%
9,358 Texas Paris
25%
10,243 Texas Sherman
25%
5,673 South Carolina Sumter
23%
7,874 Texas Gainesville
21%
9,695 Alabama Anniston
19%
5,877 North Carolina Goldsboro
19%
11,807 Texas Denison
17%
6,358 Alabama Bessemer
16%
6,815 Louisiana New Iberia
16%
6,277 North Carolina Salisbury
16%
6,348 North Carolina Elizabeth City
15%
5,681 Indian Territory Ardmore
13%
5,550 Arkansas Helena
13%
7,855 Texas Marshall
13%
8,297 Texas Palestine
13%
9,313 Texas Corsicana
12%
10,006 Oklahoma Guthrie
12%
5,919 Georgia Waycross
10%
7,493 Texas Cleburne
9%
7,674 Georgia Americus
8%
5,968 Texas Brenham
7%
6,857 Georgia Griffin
7%
6,330 Texas Terrell
6%
No matching quizzes found
Score Distribution
Percent of People with Each Score
Percentile by Number Answered
Your Score History
You have not taken this quiz